Reformy dôchodkových systémov - východiská a prístupy
Zásady a princípy fungovania nového dôchodkového systému v podmienkach SR. Ciele reformy a spôsoby financovania. Popis trojpilierového modelu dôchodkového systému. Finančné toky transformácie dôchodkového zabezpečenia na systém starobného dôchodkového sporenia. Integrovaný prístup k dôchodkovým ref...
Na minha lista:
| Autor principal: | |
|---|---|
| Formato: | Capítulo de Livro |
| Idioma: | eslovaco |
| Assuntos: | |
| Tags: |
Sem tags, seja o primeiro a adicionar uma tag!
|
MARC
| LEADER | 00000naa$a2200000$$$4500 | ||
|---|---|---|---|
| 001 | 0011639 | ||
| 005 | 20240502083122.3 | ||
| 041 | 0 | |a slo | |
| 044 | |a CZ | ||
| 245 | 1 | 0 | |a Reformy dôchodkových systémov - východiská a prístupy |c aut. Eva Rievajová |
| 520 | |a Zásady a princípy fungovania nového dôchodkového systému v podmienkach SR. Ciele reformy a spôsoby financovania. Popis trojpilierového modelu dôchodkového systému. Finančné toky transformácie dôchodkového zabezpečenia na systém starobného dôchodkového sporenia. Integrovaný prístup k dôchodkovým reformám vyspelých európskych krajín. Dôchodkový vek vo vybraných krajinách Európy. | ||
| 610 | 2 | 0 | |a reformy dôchodkové |
| 610 | 2 | 0 | |a Slovensko |
| 610 | 2 | 0 | |a systémy dôchodkové |
| 610 | 2 | 0 | |a financie verejné |
| 610 | 2 | 0 | |a poistenie dôchodkové doplnkové |
| 610 | 2 | 0 | |a vek postproduktívny |
| 610 | 2 | 0 | |a zabezpečenie dôchodkové |
| 610 | 2 | 0 | |a zabezpečenie sociálne |
| 610 | 2 | 0 | |a porovnanie medzinárodné |
| 610 | 2 | 0 | |a krajiny vyspelé |
| 100 | 1 | |a Rievajová, Eva | |